Statistics for All German teams to play in the Champions League

Click here to take the quiz!

General Stats

  • This quiz has been taken 313 times
  • The average score is 9 of 12

Answer Stats

Best FinishClub% Correct
WinnersBayern Munich
100%
WinnersBorussia Dortmund
99%
Semi-FinalsSchalke 04
89%
Runner-UpBayer Leverkusen
88%
First Group StageHamburger SV
87%
Quarter-FinalsVfL Wolfsburg
84%
Round of 16Werder Bremen
80%
Round of 16VfB Stuttgart
78%
Group StageBorussia Monchengladbach
76%
Second Group StageHertha BSC
60%
Quarter-FinalsKaiserslautern
48%
Third Qualifying Round1860 Munich
23%

Score Distribution

Percentile by Number Answered

Percent of People with Each Score

Your Score History

You have not taken this quiz